Hladina významnosti - jej význam a dosah na audit účtovnej závierky diplomová práca

Gespeichert in:
Bibliographische Detailangaben
1. Verfasser: Koczkás, Tomáš
Körperschaft: Fakulta hospodárskej informatiky EU. Katedra účtovníctva a audítorstva
Weitere Verfasser: Krišková, Petra, 1981-
Format: Buch
Sprache:Slowakisch
Veröffentlicht: Bratislava 2012
Tags: Tag hinzufügen
Keine Tags, Fügen Sie das erste Tag hinzu!

MARC

LEADER 00000nbm a2200000 4500
001 0154719
005 20161109102140.1
041 0 |a slo 
044 |a SK 
245 1 0 |a Hladina významnosti - jej význam a dosah na audit účtovnej závierky  |b diplomová práca  |c Tomáš Koczkás ; školiteľ: Petra Krišková 
264 1 |a Bratislava  |c 2012 
300 |a 58 s. 
100 1 |a Koczkás, Tomáš 
700 1 |a Krišková, Petra, 1981- 
710 2 |a Fakulta hospodárskej informatiky EU. Katedra účtovníctva a audítorstva